000 00695nam a22002177a 4500
003 0
005 20241001104704.0
008 241001b xxu||||| |||| 00| 0 eng d
020 _a9781984659002
050 _aQA 76.73
_b.T57 2022
110 _a3G E-Learning LLC, USA,
_eauthor and editor.
245 _aBasic computer coding :
_bresponsive design /
_c3G E-Learning LLC, USA.
250 _a2nd ed.
260 _aNew York, NY :
_b3G E-Learning LLC,
_c2022.
300 _axiv, 291 p. :
_bcol. ill. ;
_c24 cm.
504 _aIncludes bibliographical references and index.
650 _aWebsite development.
650 _aWeb sites
_xDesign.
650 _aComputer programming.
942 _2lcc
_cBK
999 _c366425
_d366425